000 00916nam a2200241 i 4500
001 bg
245 0 0 _aKierunki postępu technicznego w Polsce na tle zmian trendów światowych.
260 _aWarszawa :
_bIRiSS,
_c1997.
300 _a130 s. :
_bwykr. ;
_c25 cm.
490 1 _aRaporty / Instytut Rozwoju i Studiów Strategicznych,
_x1230-2848 ;
_v58
500 _aZawiera ref. z konferencji naukowej zorg. w Warszawie w dn. 8 maja 1997 roku.
504 _aBibliogr. przy ref.
650 9 _aNauka
_xpolityka
_yod 1945 r.
650 9 _aNauka
_xpolityka
_zPolska
_yod 1944 r.
650 9 _aPostęp techniczny
_xpolityka
_yod 1945 r.
650 9 _aPostęp techniczny
_xpolityka
_zPolska
_yod 1944 r.
830 0 _aRaporty (Instytut Rozwoju i Studiów Strategicznych) ;
_v58
040 _cBPK
041 0 _apl
080 _a001.89:62::008(438:100)"1945/..."
942 _cKS
008 s pl f |000 0 pol
999 _c32673
_d32673
856 _uhttp://koha.tu.koszalin.pl/cgi-bin/koha/opac-detail.pl?biblionumber=32673
_yKatalog online BPK